Komparatívna analýza konkurencieschopnosti ekonomík vybraných nových členských štátov Európskej únie

Makroekonomické hodnotenie konkurencieschopnosti. Komoditno-štrukturálne hodnotenie konkurencieschopnosti.

Na minha lista:
Detalhes bibliográficos
Autor principal: Outrata, Richard
Formato: Capítulo de Livro
Idioma:eslovaco
Assuntos:
Tags: Adicionar Tag
Sem tags, seja o primeiro a adicionar uma tag!

MARC

LEADER 00000naa a2200000 4500
001 0155075
005 20240502072728.0
041 0 |a slo 
044 |a SK 
245 1 0 |a Komparatívna analýza konkurencieschopnosti ekonomík vybraných nových členských štátov Európskej únie  |c Richard Outrata 
520 |a Makroekonomické hodnotenie konkurencieschopnosti. Komoditno-štrukturálne hodnotenie konkurencieschopnosti. 
610 2 0 |a Európska únia 
610 2 0 |a analýza komparatívna 
610 2 0 |a konkurencieschopnosť 
610 2 0 |a ukazovatele makroekonomické 
100 1 |a Outrata, Richard